Library of the University of Algiers 3
Ibrahim Sultan Cheibout
شعار جامعة الجزائر 3
مكتبة جامعة الجزائر 3
إبراهيم سلطان شيبوط

الربا والإقتصاد والتمويل الإسلامي : (رقم التسجيلة. 44199)

تفاصيل مارك
000 -LEADER
fixed length control field 01408nam a2200253Ia 4500
003 - CONTROL NUMBER IDENTIFIER
control field Ost
005 - DATE AND TIME OF LATEST TRANSACTION
control field 20260507075355.0
008 - FIXED-LENGTH DATA ELEMENTS--GENERAL INFORMATION
fixed length control field 260507s9999||||xx |||||||||||||| ||und||
020 ## - INTERNATIONAL STANDARD BOOK NUMBER
International Standard Book Number 73578299539
040 ## - CATALOGING SOURCE
Transcribing agency fsecg
041 ## - LANGUAGE CODE
Language code of text/sound track or separate title ara
082 ## - DEWEY DECIMAL CLASSIFICATION NUMBER
Classification number 330
100 ## - MAIN ENTRY--PERSONAL NAME
Personal name العجلان، حامد حمود
Relator term مؤلف
245 #0 - TITLE STATEMENT
Title الربا والإقتصاد والتمويل الإسلامي :
Remainder of title رؤية مختلفة /
Statement of responsibility, etc. حامد حمود العجلان
260 ## - PUBLICATION, DISTRIBUTION, ETC.
Place of publication, distribution, etc. بيروت:
Name of publisher, distributor, etc. مركز دراسات الوحدة العربية,
Date of publication, distribution, etc. 2010
300 ## - PHYSICAL DESCRIPTION
Extent 302 صفحة؛
Other physical details إيضاحات ؛
Dimensions 24 سم
490 ## - SERIES STATEMENT
Series statement سلسلة أطروحات الدكتوراه
Volume/sequential designation 91
504 ## - BIBLIOGRAPHY, ETC. NOTE
Bibliography, etc. note الملاحق ص.267؛ كشاف مصطلحات ص275؛ المراجع ص.281
520 ## - SUMMARY, ETC.
Summary, etc. القيم الدينية والخيار الإقتصادي- الربا، والفائدة والدين- الربا والمقتضيات الإقتصادية- الإقتصاد الإسلامي ومضامينه الأخلاقية- الصناعة المصرفية الإسلامية- اللجان الإشرافية ومأزق الإجتهاد- تنظيم الصناعة المصرفية الإسلامية- مستقبل الصناعة المصرفية الإسلامية في الكويت
653 ## - INDEX TERM--UNCONTROLLED
Uncontrolled term الإقتصاد الإسلامي
653 ## - INDEX TERM--UNCONTROLLED
Uncontrolled term التمويل الإسلامي
653 ## - INDEX TERM--UNCONTROLLED
Uncontrolled term الربا
942 ## - ADDED ENTRY ELEMENTS (KOHA)
Koha item type كتب
المقتنيات
Withdrawn status Lost status Source of classification or shelving scheme Damaged status Not for loan Home library Current library Date acquired Serial enumeration / chronology Inventory number Total checkouts Full call number Barcode Date last seen Price effective from Koha item type
    Dewey Decimal Classification   NOT LOAN / إعارة داخلية مكتبة كلية العلوم الإقتصادية والعلوم التجارية وعلوم التسيير مكتبة كلية العلوم الإقتصادية والعلوم التجارية وعلوم التسيير 07/05/2026 الطابق الأرضي 25253   أ/4257ن1 25253 07/05/2026 07/05/2026 كتب
    Dewey Decimal Classification   Available مكتبة كلية العلوم الإقتصادية والعلوم التجارية وعلوم التسيير مكتبة كلية العلوم الإقتصادية والعلوم التجارية وعلوم التسيير 07/05/2026 الطابق الأرضي 25254   أ/4257ن2 25254 07/05/2026 07/05/2026 كتب
    Dewey Decimal Classification   Available مكتبة كلية العلوم الإقتصادية والعلوم التجارية وعلوم التسيير مكتبة كلية العلوم الإقتصادية والعلوم التجارية وعلوم التسيير 07/05/2026 الطابق الثاني 25255   أ/4257ن3 25255 07/05/2026 07/05/2026 كتب

موارد الويب المفتوحة


© University of Algiers 3 All Rights Reserved
|
Implemented by LECHELAH Riad